Family Guy Characters by Picture - Statistics

General Stats
  • This quiz has been taken 602 times
  • The average score is 16 of 20
Answer Stats
Picture Answer % Correct
Peter
100%
Lois
98%
Stewie
98%
Brian
97%
Meg
97%
Quagmire
97%
Chris
96%
Joe
95%
Cleveland
94%
Death
92%
Bonnie
85%
Herbert
80%
Adam West
74%
Mort
74%
Tom Tucker
74%
Tricia Takanawa
66%
Diane Simmons
49%
Ollie
41%
Jasper
35%
Bruce
30%
No matching quizzes found
Score Distribution
Percent of People with Each Score
Percentile by Number Answered
Your Score History
You have not taken this quiz